Państwa graniczące z "kolorowymi" morzami - Statystyki

Ogólne statystyki
  • Ten quiz został rozwiązany 3 226 razy
  • Średni wynik to 12 z 17
Statystyki odpowiedzi
Morze Państwo % Poprawnych
Morze Czarne / Morze Białe Rosja
94%
Morze Czerwone Egipt
86%
Morze Czarne Ukraina
85%
Morze Czarne Turcja
84%
Morze Czerwone Arabia Saudyjska
81%
Morze Żółte Chiny
79%
Morze Czarne Bułgaria
78%
Morze Czarne Rumunia
78%
Morze Czarne Gruzja
74%
Morze Czerwone Izrael
74%
Morze Czerwone Jemen
73%
Morze Czerwone Jordania
61%
Morze Żółte Korea Południowa
61%
Morze Czerwone Erytrea
60%
Morze Czerwone Sudan
60%
Morze Żółte Korea Północna
59%
Morze Czerwone Dżibuti
58%
Nie znaleziono quizów pasujących do podanych kryteriów
Rozkład punktacji
Procent ludzi z każdym wynikiem
Percentyl według liczby udzielonych odpowiedzi
Twoja historia wyników
Nie rozwiązałeś tego quizu